| 000 | 01233cam a2200325 i 4500 | ||
|---|---|---|---|
| 001 | 24322 | ||
| 003 | Mx-PuUPA | ||
| 005 | 20251031102339.0 | ||
| 008 | 140415s2022 mx gr 001 0 spa d | ||
| 020 | _a9786079998349 | ||
| 040 |
_cMx-PuUPA _aMx-PuUPA _bspa _dMx-PuUPA _erda |
||
| 041 | 0 | _aspa | |
| 100 | 1 |
_aBeuchot, Mauricio, _d1950- _914180 _eautor |
|
| 245 | 1 | 0 |
_aHermenéutica analógica e icónica : _bindicios en la historia para la actualidad / _cMauricio Beuchot |
| 250 | _aPrimera edición | ||
| 264 | 1 |
_aCiudad de México : _bLambda Editorial, _c2022 |
|
| 300 |
_a131 páginas ; _c21 cm |
||
| 336 |
_2rdacontent _atexto _btxt |
||
| 337 |
_2rdamedia _asin medio _bn |
||
| 338 |
_2rdacarrier _avolumen _bnc |
||
| 490 | 0 |
_aHemeneútica analógica ; _v1 |
|
| 506 | _aAcceso exclusivo para la comunidad UPAEP vigente. | ||
| 588 | _aRecurso en línea; título de la página de título del PDF (OvidEspañol, consultado el 05 de enero de 2021). | ||
| 650 | 7 |
_2armarc _aHermeneútica _vFilosofía |
|
| 650 | 7 |
_2armarc _aFilosofía |
|
| 942 |
_2ddc _cLI _h121.686 _iB57 |
||
| 999 |
_c24322 _d24322 |
||